000 00407nam a22001217a 4500
005 20250901165213.0
008 210219b ||||| |||| 00| 0 eng d
020 _a9780061245619
050 _aJV6455 R67 2009
245 _aFROM EVERY END OF THIS EARTH
_b13 FAMILIES AND THE NEW LIVES THEY MADE IN AMERICA
_cROBERTS STEVEN V.
260 _aNEW YORK
_bHARPER
_c2009
942 _2lcc
_hJV6455 R67 2009
999 _c266
_d266